| 000 | 00662nam a2200253Ia 4500 | ||
|---|---|---|---|
| 001 | 12334 | ||
| 005 | 20240113235352.0 | ||
| 007 | ta | ||
| 008 | 051007s1991 a g b000 u eng u | ||
| 040 | _aCotton College Assam | ||
| 041 | _aeng | ||
| 082 |
_a371.3 _bRa 13 Me |
||
| 100 | _aRai, B.C. . | ||
| 245 | 0 |
_aMethod Teaching of Science / _cB.C.Rai. _hTextual Documents |
|
| 250 | _a1st ed. / | ||
| 260 |
_aLucknow : _bPrakashan Kendra , _c1991. |
||
| 300 |
_a170p. : _bill. ; _c21cm . |
||
| 653 | _aEducation | ||
| 653 | _aTeaching-Method of Science | ||
| 653 | _aG-Education | ||
| 942 |
_2ddc _cBK |
||
| 999 |
_c12320 _d12320 |
||